00313nam a2200085Ia 4500008004000000082001500040100004200055245010400097260002600201210210b2000 xxu||||| |||| 00| 0 eng d a351.3 TATA aTATA Mc GRAW HILL PUBLISHING COMPANY. aTata Mcgraw Hill's general studies manual for the UPSC civil services preliminary examination 2000. abNot Mentionedc2000